01698nam a22002897a 4500003000400000005001700004008004100021020001800062040000800080100002600088245003000114260003200144300003800176490002000214520079600234521002101030600002201051650003301073650002601106650005901132653004801191655002701239655002101266942000801287952009801295999001501393OSt20250625143215.0250331b |||||||| |||| 00| 0 eng d a9780241430903 cTBS aVance, Ashlee 925101 aElon Muskc/ Ashlee Vance aPenguin Books, London, 2020 a80 pages : illustrations ; 20 cm. aPenguin readers aWith carefully adapted text, new illustrations, language practise activities and additional online resources, the Penguin Readers series introduces language learners to bestselling authors and compelling content. Titles include popular classics, exciting contemporary fiction, and thought-provoking non-fiction. Elon Musk, a Level 3 Reader, is A2 in the CEFR framework. The text is made up of sentences with up to three clauses, introducing first conditional, past continuous and present perfect simple for general experience. It is well supported by illustrations, which appear on most pages. This book tells the story of Elon Musk, American businessman and multi-billionaire. Learn about his early years in South Africa and Canada, move to Silicon valley and his plans to travel to Mars. aAbridged Edition 0aMusk, Elon925102 0aReading comprehension922469 0aBusinesspeople910396 0aEnglish languagevTextbooks for foreign speakers96478 aLevel 3 Reader, is A2 in the CEFR framework 0aReaders (Adult)922484 0aBiography924454 2lcc 00102lcc4070aTBSbTBSd2025-03-31l0oREADER-EN VANpB07521r2025-03-31t1w2025-03-31y1 c4619d4619